000 00330nam a2200157Ia 4500
100 _aMoudgalya/Kannan M
650 _aDigital control
942 _cBK
366 _f27
245 _aDigital control
260 _bWiley India
_c2007
082 _a629.895
_bMOU
300 _a543
546 _aENGLISH
_cPAMPHALETS
999 _c19758
_d19758